000 00473nam a22001577a 4500
005 20250206170421.0
008 250206b |||||||| |||| 00| 0 eng d
020 _a0870410113
050 _aRC346 CHU
100 _aChusid, Joseph G.
245 _aCorrelative Neuroanatomy & Functional Neurology/
_cJoseph G. Chusid
250 _a17th ed.
260 _aLos Altos, California
_bLANGE Medical Publications
_c1979
300 _a464p.
_bill.
_c26cm
942 _2lcc
_cBK
_e17th ed.
_n0
999 _c3501
_d3501